000 00607cam a2200229 4500
008 090401t1987 xxu||||| |||| 00| 0 eng d
020 _a0727703714
035 _a(Sirsi) u22909
041 _aeng
050 _a368.56
100 _aMadge, Peter
245 _aCivil engineering insurance and bonding
260 _aLondon
_bThomas Telford Ltd
_c1987
300 _axi, 130p. ; 22cm.
350 _a16
490 _aCivil Engineering Management
650 _aCIVIL ENGINEERING CONTRACTS
650 _aICE CONDITIONS OF CONTRACT
650 _aPERFORMANCE BONDS
942 _n0
948 _c04/03/1997
999 _c88274
_d88274